000 00699nam a2200193 i 4500
001 78246
003 ES-MaACL
005 20230906173624.0
007 t|
008 041013s1962 sp ||||1| spa d
100 1 _aHarbison, Frederick.
_961801
245 1 3 _aLa dirección de empresa en el mundo industrial /
_cFrederick Harbison, Charles A. Myers ; traducido por, Juan Santa-Cruz Vergara ; con la revisión técnica de, Juan Yáñez Gómez.
260 _aMadrid :
_bCastillo,
_c1962.
300 _aXIV, 434 p. ;
_c24 cm.
700 1 _aMyers, Charles A.
_984752
700 1 _aSanta-Cruz Vergara, Juan.
_9103239
700 1 _aYáñez Gómez, Juan.
_9117570
852 _aES-MaACL
_jC-21889
_bR.50397
999 _c78246
_d78246